Zdravotné cvičenia z jogy

Salvato in:
Dettagli Bibliografici
Autore principale: Schenková, Emília
Natura: Libro
Lingua:slovacco
Pubblicazione: Bratislava Ekonóm 1997
Edizione:2. vyd.
Soggetti:
Tags: Aggiungi Tag
Nessun Tag, puoi essere il primo ad aggiungerne!!

MARC

LEADER 00000nam a2200000 4500
001 c020243
005 20221214072443.7
020 |a 80-225-0894-2 
041 0 |a slo 
044 |a SK 
245 1 0 |a Zdravotné cvičenia z jogy  |c Emília Schenková 
250 |a 2. vyd. 
264 1 |a Bratislava  |b Ekonóm  |c 1997 
300 |a 64 s. 
610 2 0 |a telovýchova 
610 2 0 |a relaxácia 
100 1 |a Schenková, Emília